Responses for show #3963 - Wednesday, November 21, 2001

Trevor Norris game 3.

(Sofia: I'm Sofia of the Clue Crew at the Page Museum and the La Brea Tar Pits. We've got some new fossils for you today on Jeopardy!)

Contestants

Eamon Blake, a police lieutenant from New York, New York

Jacqui Sukie, a worker's compensation consultant from Akron, Ohio

Trevor Norris, a management analyst from Washington, D.C. (whose 2-day cash winnings total $18,601)

Jeopardy! Round responses

DAMN YANKEES
GREECE
CAMEL LOT
HELLO, DALAI
I EAT A...
THE VIRGINIA MONOLOGUES
    $100 1
Yogi Berra

Eamon
    $100 6
wine

Eamon
    $100 23
Nevada

Eamon
    $100 18
Pope John Paul II

Eamon
    $100 8
Reuben

Eamon
    $100 13
(Jacqui: Who is John Adams?)

Thomas Jefferson

TrevorJacqui
    $200 2
Reggie Jackson

Eamon
    $200 7
(Eamon: What is Macedonia?)
(Trevor: What is Albania?)
....
(Alex: It straddles 2 continents.)

Turkey

TrevorEamon
Triple Stumper
    $200 24
the hump

Jacqui
    $200 19
5

Trevor
    $200 9
peppers

Trevor
    $200 14
Warren Beatty

Jacqui
    $300 3
Joe DiMaggio

Eamon
    $300 28
the Acropolis

Triple Stumper
    $300 25
(Alex: Minute to go now.)

paintbrushes

Jacqui
    $300 20
China

Trevor
    $300 10
gumbo

Eamon
    $300 15
Wayne Newton

Trevor
    $400 4
(Jacqui: Who is Roger Maris?)

Mickey Mantle

TrevorJacqui
    $400 29
laurel

Eamon
    $400 26
dromedary

Triple Stumper
    $400 21
(Trevor: What are shar peis?)

Lhasa Apsos

Trevor
    $400 11
hummus

Eamon
    $400 16
George C. Scott

Triple Stumper
    $500 5
Lou Gehrig

Trevor
    $500 30
(Trevor: What is Cyprus?)

Crete

Trevor
Triple Stumper
    $500 27
(Eamon: Llamas & alpacas?)
(Alex: Remember your phrasing.)
(Eamon: What are llamas & alpacas?)

(2 of 4) alpacas, guanacos, llamas & vicunas

Eamon
    $500 22
Mongols

Trevor
    $500 12
vichyssoise

Eamon
    $500 17
(Jacqui: Who is Frederick Douglass?)

Booker T. Washington

Jacqui
Triple Stumper

Scores at the first commercial break (after clue 15):

Trevor Jacqui Eamon
$1,300 -$300 $1,800

Scores at the end of the Jeopardy! Round:

Trevor Jacqui Eamon
$1,400 -$300 $2,900

Double Jeopardy! Round responses

THE REVOLUTIONARY WAR
(Alex: Ours.)
THE MOVIES
COMPOSE YOURSELF!
SHAKESPEARE'S COMIC CAST
(Alex: We'll give you the cast, you identify the play.)
THE BRASS
"BI"-BYE
    $200 4
Hessians

Eamon
    $200 1
(Trevor: What is Romeo + Juliet?)

Titanic

TrevorJacqui
    $200 11
Scott Joplin

Eamon
    $200 26
The Merchant of Venice

Triple Stumper
    $200 18
brass tacks

Eamon
    $200 13
bison

Jacqui
    $400 5
(Trevor: What is Lexington?)

Concord

Trevor
Triple Stumper
    $400 2
John Cusack

Trevor
    $400 12
(Eamon: Who is Beethoven?)

J.S. Bach

JacquiEamon
    $400 27
[The end-of-round signal sounds.]
...
(Alex: Saved by the time's-up signal!)

The Taming of the Shrew

Eamon
    $400 19
"The Time Machine"

Jacqui
    $400 14
bigamy

Eamon
    $600 6
New Jersey

Eamon
    $600 3
Beach Blanket Bingo

Eamon
    $600 23
(Jacqui: Who is Mozart?)

Giuseppe Verdi

TrevorJacqui
    $600 20
tuba

Trevor
    $600 15
(Trevor: What is biannual?)

biennial

TrevorEamon
    $2,000 7
(Eamon: Who is Hood?)

John Paul Jones

Eamon
    $800 8
The Last of the Mohicans

Eamon
    $800 24
"The 1812 Overture"

Trevor
    $800 21
copper

Jacqui
    $800 16
Bipolar disorder

Eamon
    $1000 10
Lake Champlain

Trevor
    $1000 9
Colleen Haskell

Trevor
    $1000 25
Gaetano Donizetti

Triple Stumper
    $1000 22
(Alex: Minute to go.)

brass rubbing

Triple Stumper
    $1000 17
bicorne

Jacqui

Scores at the end of the Double Jeopardy! Round:

Trevor Jacqui Eamon
$4,600 $2,100 $5,300

[wagering suggestions for these scores]

Final Jeopardy! Round responses

WORLD GEOGRAPHY
JacquiWhat is Australia?
$1,300
TrevorWhat is Hispanola?
$399
EamonWhat is Spa
$4,601
Borneo (Malaysia, Indonesia & Brunei)

Final scores:

Trevor Jacqui Eamon
$4,201 $800 $699
3-day champion: $22,802 2nd place: Trip to Hotel Krystal Zona Rosa, Mexico City 3rd place: Trip to John Carver Inn, Plymouth, Massachusetts

Game dynamics:

Coryat scores:

Trevor Jacqui Eamon
$5,000 $2,100 $7,300
14 R,
6 W
(including 1 DD)
9 R,
4 W
22 R
(including 1 DD),
3 W
(including 1 DD)

Combined Coryat: $14,400

The J! Archive is created by fans, for fans. The Jeopardy! game show and all elements thereof, including but not limited to copyright and trademark thereto, are the property of Jeopardy Productions, Inc. and are protected under law. This website is not affiliated with, sponsored by, or operated by Jeopardy Productions, Inc. Join the discussion at JBoard.tv.